00329nam a2200121Ia 4500008004100000082001500041100001900056245001800075260003900093300001000132630001800142650004700160211109s9999||||xx |||||||||||||| ||und|| a942bCHU-E aChurch, Alfred 0aEarly Britain bNATIONAL BOOKSTALLaKottayamc1989 a348p. xGeneral Stack aGreat BritainvHistory of EnglandxHistory